000 01068nam a2200241 a 4500
001 000032427
005 20250228154533.0
008 110718s1973 dr a 000 0 spa d
040 _aDO-SdBNP
_bspa
_cBNPHU
082 _a784.2
_bL961p
100 1 _aLuna, Margarita
_958386
245 1 0 _aPor el mundo de la orquesta /
_cMargarita Luna de Espaillat.
260 _aSanto Domingo :
_bCultural Dominicana,
_c1973.
300 _a243 p. :
_bil., gráfcs., retrs. ;
_c23 cm.
500 _aIncluye glosario de términos musicales.
504 _aIncluye bibliografía.
505 0 _tAntecedentes históricos de los instrumentos musicales --
_tLa orquesta sinfónica y su organización --
_tAntecedentes históricos de los instrumentos de la orquesta --
_tInstrumentos y conjuntos instrumentales en la República Dominicana.
590 _aInventariado, 2018/LP
650 4 _aMúsica orquestal
_958387
650 4 _aInstrumentos musicales
_xHistoria y crítica
_958388
650 4 _aMúsica dominicana
_xHistoria y crítica
_958389
910 _aValidado. Control de calidad EMS.
999 _c31918
_d31918